| 000 | 00606nam a22002298a 4500 | ||
|---|---|---|---|
| 001 | zsolco b3527751 | ||
| 003 | PWmBRO | ||
| 005 | 20240317193447.0 | ||
| 008 | 900430s1991 nyu j 00000 eng | ||
| 020 | _a9501109852 (pbk) | ||
| 020 | _a9789501109856 | ||
| 040 | _csjds | ||
| 041 | _aspa | ||
| 240 | 0 | 0 |
_aMy first look at shopping. _lSpanish. |
| 245 | 0 | 0 | _aDe compras. |
| 260 | 0 |
_aBuenos Aires, Argentina : _bSigmar, _c1994. |
|
| 300 |
_aunp. : _bcol. illus. ; _c19 cm. |
||
| 440 | 0 | _aPrimeras imagenes. | |
| 650 | 1 |
_aShopping _xFiction. |
|
| 650 | 1 | _aSpanish language materials. | |
| 942 | _cBK | ||
| 999 |
_c29383 _d29381 |
||